000 01220nam a2200337 a 4500
001 ebr10432526
003 CaPaEBR
006 m u
007 cr cn|||||||||
008 100319s2010 enk sb 001 0 eng d
010 _z 2010011585
020 _z9781847062031
020 _z9781847062048
020 _z9781441142337 (e-book)
040 _aCaPaEBR
_cCaPaEBR
035 _a(OCoLC)688291760
050 1 4 _aB2598
_b.W66 2010eb
082 0 4 _a193
_222
100 1 _aWoolhouse, R. S.
245 1 0 _aStarting with Leibniz
_h[electronic resource] /
_cRoger Woolhouse.
260 _aLondon :
_bContinuum,
_cc2010.
300 _aviii, 164 p.
490 1 _aStarting with
504 _aIncludes bibliographical references and index.
533 _aElectronic reproduction.
_bPalo Alto, Calif. :
_cebrary,
_d2013.
_nAvailable via World Wide Web.
_nAccess may be limited to ebrary affiliated libraries.
600 1 0 _aLeibniz, Gottfried Wilhelm,
_cFreiherr von,
_d1646-1716.
655 7 _aElectronic books.
_2local
710 2 _aebrary, Inc.
830 0 _aStarting with.
856 4 0 _uhttp://site.ebrary.com/lib/rucke/Doc?id=10432526
_zAn electronic book accessible through the World Wide Web; click to view
999 _c234215
_d234215